MDQL
is popping MORE tags! Check the
thread
!
Quizzes
Events
Quiz Creation
Community
Videos
Private Events
Remove Ads
Sign In
Join for FREE
Feedback
Dark Mode
Quiz Categories
Sports
Geography
Music
Movies
Television
Just For Fun
Miscellaneous
History
Literature
Language
Science
Gaming
Entertainment
Religion
Holiday
For Kids
Quiz Lab
Recent
Popular Today
Quiz Kudos Today
Editor Picks
Curator Picks
Quizzes by...
Day
Popularity
Type
Ratings
Length
Year
Community
Subscriptions
Recent Discussions
Orange Saloon
Badges
Playlists
Quests
Create
Leaderboards
Showdown
Live 5
Trivia Bingo
Activity
Puzzle Library
Sporcle Events
Private Events
Virtual Trivia
Globe League
Become a Host
Pub Owners
SporcleCon
Opinionation
Our Games
Videos
Blog
Mobile Apps
Partnerships
Remove Ads and Go Orange
Feedback
Sports
Athletes
MLB
NBA
NHL
NFL
Soccer
Sports Teams
WWE
NCAA
Football
Premier League
Basketball
Baseball
Hockey
Golf
Tennis
Cricket
Rugby
Auto Racing
Olympics
World Cup
Sports
Athletes
MLB
NBA
NHL
NFL
Soccer
Sports Teams
WWE
NCAA
Football
Premier League
Basketball
Baseball
Hockey
Golf
Tennis
Cricket
Rugby
Auto Racing
Olympics
World Cup
Random Quiz
Search Sporcle
×
Quiz Lab
Quiz Lab
Sports
Cricket
Type in answers that appear in a list
Type in answers that appear in a list
Classic
Best Score? Go Orange.
England ODI Top Tens Stats
Can you name the England ODI Top Tens?
By
ateweston85
10m
193 Questions
2,793 Plays
2,793 Plays
2,793 Plays
Comments
Comments
Give Quiz Kudos
Give Quiz Kudos
-
- Ratings
hide this ad
More Info
Replay
Link that replays current quiz
Next Quiz
Link to next quiz in quiz playlist
You Got
0%
They Got
Avg Score
82%
Avg Friend Score
Upgrade to see
Score Distribution
Jump to the score distribution portion of the page
Score
0/193
Timer
10:00
1
Play Today
% Correct
Jason Roy
99.5%
Andrew Strauss & Andrew Flintoff
98.2%
Andrew Strauss & Paul Collingwood
98.1%
Alex Hales & Joe Root
98%
Andrew Strauss & Jonathan Trott
97.9%
Kevin Pietersen
97.9%
Kevin Pietersen
97.8%
Kevin Pietersen
97.8%
Kevin Pietersen
97.8%
Kevin Pietersen
97.8%
Kevin Pietersen
97.8%
Kevin Pietersen
97.8%
Jonny Bairstow
97.8%
Adil Rashid
97.5%
Joe Root
97%
Andrew Strauss
96.9%
Andrew Strauss
96.9%
Andrew Strauss
96.9%
Andrew Strauss
96.9%
Andrew Strauss
96.9%
Andrew Strauss
96.9%
Andrew Strauss
96.9%
Andrew Strauss
96.9%
Jos Buttler & Eoin Morgan
96.3%
Graham Gooch
96.2%
Eoin Morgan & Ravi Bopara
95.6%
James Anderson
95.5%
James Anderson
95.5%
James Anderson
95.5%
James Anderson
95.5%
James Anderson
95.5%
Stuart Broad
95.2%
Stuart Broad
95.2%
Stuart Broad
95.2%
Chris Broad
95%
Ian Botham
95%
Jonny Bairstow
94.8%
Ian Bell
94.7%
Ian Bell
94.7%
Eoin Morgan
94.7%
Paul Collingwood
94.5%
Jason Roy
94.5%
Paul Collingwood
94.5%
Paul Collingwood
94.5%
Paul Collingwood
94.5%
Paul Collingwood
94.5%
Paul Collingwood
94.5%
Paul Collingwood
94.5%
Jos Buttler
94.4%
Alex Hales & Jason Roy
94.4%
Jos Buttler
94.4%
Eoin Morgan
94.3%
Jason Roy
94.3%
Jonny Bairstow
94.3%
Jonny Bairstow
94.3%
Joe Root & Jason Roy
94.2%
Ben Stokes
94.1%
Alec Stewart
94%
Graham Gooch
94%
Graham Gooch
94%
Alec Stewart
94%
Graham Gooch
94%
Alec Stewart
94%
Alec Stewart
94%
Graham Gooch
94%
% Correct
Alec Stewart
94%
Marcus Trescothick
93.9%
Adil Rashid
93.9%
Marcus Trescothick
93.9%
Marcus Trescothick
93.9%
Alex Hales
93.9%
Joe Root
93.9%
Chris Woakes
93.8%
Andrew Flintoff
93.8%
Andrew Flintoff
93.8%
Andrew Flintoff
93.8%
Andrew Flintoff
93.8%
Andrew Flintoff
93.8%
Andrew Flintoff
93.8%
Joe Root
93.7%
Ian Bell
93.7%
Dawid Malan & Phil Salt
93.7%
Chris Woakes
93.6%
Alastair Cook
93.5%
Eoin Morgan
93.3%
Ian Botham
92.2%
Ian Botham
92.2%
Ian Botham
92.2%
Liam Plunkett
92.1%
Ian Bell
92%
David Gower
91.6%
David Gower
91.6%
David Gower
91.6%
Ben Stokes
91.3%
Joe Root
90.9%
Jason Roy
90.8%
Joe Root
90.8%
Graeme Swann
90.7%
Graeme Swann
90.7%
Eoin Morgan
90.5%
Liam Plunkett
90.4%
Eoin Morgan
90.3%
Jonathan Trott
90.1%
Darren Gough
89.7%
Darren Gough
89.7%
Darren Gough
89.7%
Darren Gough
89.7%
Darren Gough
89.7%
Reece Topley
89.5%
Mark Wood
89.2%
Nasser Hussain
88.9%
David Willey
88%
Matt Prior
87.8%
Graeme Hick & Neil Fairbrother
87%
Michael Vaughan
86.6%
Joe Root
86.5%
Sam Curran
86%
Reece Topley
86%
Tom Curran
86%
Steven Finn
85.8%
Graeme Hick
85.4%
Graeme Hick
85.4%
Graeme Hick
85.4%
Graeme Hick
85.4%
Jonny Bairstow
85%
Jos Buttler
85%
Michael Atherton
84.7%
Robin Smith
84.5%
Geraint Jones
84.3%
Chris Jordan
84.2%
% Correct
Adil Rashid
83.9%
Steve Harmison
82.5%
Andrew Caddick
80.5%
Eoin Morgan
77.8%
Jason Roy
77.8%
Jos Buttler
77.7%
Matthew Hoggard
77.6%
Ben Stokes
77.3%
Eoin Morgan
76.4%
Eoin Morgan
76.4%
Joe Root
76.4%
Jonny Bairstow
76.1%
James Taylor
75.6%
Nick Knight
74.5%
Nick Knight
74.4%
Mike Gatting
74.2%
Jake Ball
73.3%
Adil Rashid
71.7%
Ashley Giles
70.6%
Jos Buttler
70.4%
David Willey
70.4%
Bob Willis
70.1%
Bob Willis
70.1%
James Tredwell
69.6%
Jack Russell
69.1%
Brydon Carse
67.4%
Chris Woakes
65.4%
Chris Woakes
65.4%
Alex Hales
65.3%
Chris Woakes
64.7%
Moeen Ali
64.2%
Jos Buttler
63.7%
Tim Bresnan
63.4%
Phil DeFreitas
63.4%
Phil DeFreitas
63.4%
Ben Stokes
63.2%
Jason Roy
62.1%
Craig Kieswetter
62%
Chris Read
56.2%
Alex Hales
56.1%
Jos Buttler
56.1%
Bob Taylor
54.8%
Mark Ealham
54.2%
Mark Ealham
54.2%
Jofra Archer
53.6%
Alan Mullally
51.8%
John Emburey
50.6%
Craig White
50.4%
Craig White
50.4%
Craig White
50.4%
Chris Woakes
47%
Liam Plunkett
46.7%
Jos Buttler
46.5%
Ronnie Irani
44.3%
Samit Patel
42.8%
Samit Patel
42.6%
Graham Dilley
41.5%
Paul Downton
38.9%
Vic Marks
35.9%
Vic Marks
35.9%
Keith Fletcher
33.7%
Mike Hendrick
27.6%
Paul Jarvis
23.4%
Quiz Playlist
Details
Report
Send in Message
Add To Playlist
More Info:
Can the name the top ten players from each category from England's ODI history? *Figures correct as of 19/1/23
Classic:
Type in answers that appear in a list
Quiz Source
Last Updated: Jan 19, 2023
Quiz Scoreboard
CHALLENGE
Sign Up to Join the Scoreboard
Show All
Scores
Hide
Comments
May contain spoilers
Recently Published
Two Season TV Shows II
by 123Four
Television
10m
Image Sorting: Flags VI
by Barbecue
Geography
2m
Find the 'City' Movie
by crazypaving
Movies
60s
More to Explore
Quiz From the Vault
Featured Blog Post
14 Easter Pick-up Lines to Find Eggs With
hide this ad
You Might Also Like...
Tags
Cricket Quiz
England Cricket
England Players
odi
ODI Batsmen
ODI Bowlers
ODI Caps
ODI Cricket
ODI Players
Today's Top Quizzes in Sports
Browse Sports
hide this ad
Today's Top Quizzes in Cricket
Browse Cricket
Top Contributed Quizzes in Sports
1
Les meilleurs buteurs des matchs entre le PSG et l’OM
2
Les entraîneurs de l'OM et du PSG au 21e siècle
3
2022 World Cup Stars
4
Les joueurs passés par le PSG et l'OM
5
Players with Multiple 50 Home Run Seasons
6
FIFA Club World Cup Champions
7
Criteria MLB: Left Handed Sluggers
8
Les joueurs passés par le LOSC et le RC Lens
9
Top 10 NHL Goal Scorers of All Time
10
NBA Logic Puzzle 2.0
Explore More
Trending Topics
Marvel
Disney
Kpop
Anime
NBA
Crossword
Harry Potter
WWE
Puzzle
Country
The Office
NFL
Pokémon
Soccer
Song
hide this ad
More By:
ateweston85
Quiz
Plays
Rating
Category
Featured
Created
Premier League Hattricks
8,623
4.86
Sports
Nov 22, 2012
Player and Manager in Premier League
5,752
4.55
Sports
Oct 27, 2012
WhatCulture Top 100 WWE Matches
5,601
4.18
Sports
Nov 4, 2016
Serie A Champions XI
4,820
4.47
Sports
Feb 26, 2013
England Test Cricket Records
4,634
4.78
Sports
Jul 3, 2012
Go to Creator's Profile
Score Distribution
Quiz Creator Spotlight
ateweston85
Follow
Send a Message
Quizzes Created
-
Created Quiz Play Count
-
More By This Creator
Popular Quizzes Today
1
Find the US States - No Outlines Minefield
2
Colored Red Africa Blitz
3
Find the 'City' Movie
4
5x2 Blitz: Bands
5
The Countries of the World
6
Find the Countries of Europe - No Outlines Minefield
7
Find the US States
8
US States
More Sports Quizzes
NRL Round 1 Starting Lineups 2022
Quiz Lab
Trending Quizzes
Colored Red Europe Blitz I
Colored Red Africa Blitz II
Colored Red Europe Blitz II
Even More Two Season TV Shows
Colored Red Africa Blitz III
Recently Updated
March Madness Men's Triple Doubles
pecheneg
How Do You Spell That?
pecheneg
Godzilla Movies
pecheneg
Grab Bag: 4-10 Letters
pecheneg
2024 March Madness Bracket
pecheneg
Famous TV Couples
Peacemaker
Champions League XIs: Real Madrid
pecheneg
Largest US Cities 1790-2010
pecheneg
Rides in Walt Disney World
pecheneg
Most Oscar Losses (Acting)
pecheneg
Trending Topics
Disney
NBA
Kpop
Harry Potter
Crossword
Marvel
Anime
The Office
Pokémon
Song
NFL
Puzzle
WWE
Country
Soccer
Your Account Isn't Verified!
In order to create a playlist on Sporcle, you need to verify the email address you used during registration. Go to your
Sporcle Settings
to finish the process.
Report this User
Report this user for behavior that violates our
Community Guidelines
.
Details:
Send Report
Go to the Sporcle.com Mobile Site →
Comments